Online
Catalog

Bibelkommentare spanischer : (Record no. 40851)

MARC details
000 -CABECERA
campo de control de longitud fija 00846nam a2200217 a 4500
001 - NÚMERO DE CONTROL
campo de control 000041361
005 - FECHA Y HORA DE LA ÚLTIMA TRANSACCIÓN
campo de control 20201002034824.0
008 - DATOS DE LONGITUD FIJA--INFORMACIÓN GENERAL
campo de control de longitud fija 131001s1999 sp 000 0 spa d
020 ## - NÚMERO INTERNACIONAL ESTÁNDAR DEL LIBRO
Número Internacional Estándar del Libro 8400078330
040 ## - FUENTE DE LA CATALOGACIÓN
Centro catalogador/agencia de origen DO-SdBNP
Lengua de catalogación spa
Centro/agencia transcriptor BNPHU
100 1# - ENTRADA PRINCIPAL--NOMBRE DE PERSONA
Nombre de persona Reinhardt, Klaus
9 (RLIN) 15260
245 10 - MENCIÓN DE TÍTULO
Título Bibelkommentare spanischer :
Resto del título autores,1500-1700 /. /
Mención de responsabilidad, etc. Klaus Reinhardt.
260 ## - PUBLICACIÓN, DISTRIBUCIÓN, ETC.
Lugar de publicación, distribución, etc. Madrid :
Nombre del editor, distribuidor, etc. Consejo Superior de Investigacines Científicas :,
Fecha de publicación, distribución, etc. 1999.
300 ## - DESCRIPCIÓN FÍSICA
Extensión v. ;
Dimensiones 21 cm.
490 1# - MENCIÓN DE SERIE
Mención de serie Medievalia et humanistica Centro de Estudios Históricos
Designación de volumen o secuencia 5
500 ## - NOTA GENERAL
Nota general La biblioteca posee el v. 1-2
505 0# - NOTA DE CONTENIDO CON FORMATO
Información miscelánea v. II.
Título Autoren M-Z
Información miscelánea v.1
Título autoren A-Ll
710 2# - PUNTO DE ACCESO ADICIONAL--NOMBRE DE ENTIDAD CORPORATIVA
Nombre de entidad corporativa o nombre de jurisdicción como elemento de entrada Consejo Superior de Investigacines Científicas
9 (RLIN) 68009
710 2# - PUNTO DE ACCESO ADICIONAL--NOMBRE DE ENTIDAD CORPORATIVA
Nombre de entidad corporativa o nombre de jurisdicción como elemento de entrada Centro de Estudios Históricos,
9 (RLIN) 64022
830 #0 - PUNTO DE ACCESO ADICIONAL DE SERIE-TÍTULO UNIFORME
Título uniforme Medievalia et humanistica Centro de Estudios Históricos
9 (RLIN) 68010
Holdings
Estado de retiro Estado de pérdida Restricciones de uso No para préstamo Código de colección Localización permanente Ubicación/localización actual Ubicación en estantería Fecha de adquisición Número de inventario Total de préstamos Signatura topográfica completa Código de barras Fecha visto por última vez Precio válido a partir de Tipo de ítem Koha
        Monografías: Libros y Folletos General General Orden iniciada 01.10.2013 LF1   41361-10 25.06.2020 25.06.2020 No se presta

Powered by Koha